Artificio e natura (Record no. 19986)

MARC details
000 -CABECERA
campo de control de longitud fija 00616nam a2200229 4500
003 - IDENTIFICADOR DEL NÚMERO DE CONTROL
campo de control OSt
005 - FECHA Y HORA DE LA ÚLTIMA TRANSACCIÓN
campo de control 20260601170959.0
008 - DATOS DE LONGITUD FIJA--INFORMACIÓN GENERAL
campo de control de longitud fija 260418b1969\\\\it\a||||\||||\00|\0\ita\d
040 ## - FUENTE DE LA CATALOGACIÓN
Centro catalogador/agencia de origen ICI
Lengua de catalogación spa
Centro/agencia transcriptor ICI
041 ## - CÓDIGO DE LENGUA
Código de lengua del texto/banda sonora o título independiente ita
050 ## - SIGNATURA TOPOGRÁFICA DE LA BIBLIOTECA DEL CONGRESO
Número de clasificación NX165
Número de documento/Ítem D658
100 #1 - ENTRADA PRINCIPAL--NOMBRE DE PERSONA
Nombre de persona Gillo Dorfles
Fechas asociadas al nombre 1910-
9 (RLIN) 31123
240 ## - TÍTULO UNIFORME
Título uniforme Artificio e natura
Lenguaje de la obra ita
245 #1 - MENCIÓN DE TÍTULO
Título Artificio e natura
Mención de responsabilidad, etc. gillo dorfles
260 ## - PUBLICACIÓN, DISTRIBUCIÓN, ETC.
Lugar de publicación, distribución, etc. Torino
Nombre del editor, distribuidor, etc. Giulio Einaudi
Fecha de publicación, distribución, etc. 1968
264 ## - PRODUCCIÓN, PUBLICACIÓN, DISTRIBUCIÓN, FABRICACIÓN Y COPYRIGHT
Nombre del de productor, editor, distribuidor, fabricante Giulio Einaudi
Fecha de producción, publicación, distribución, fabricación o copyright 1968
Producción, publicación, distribución, fabricación y copyright Torino :
300 ## - DESCRIPCIÓN FÍSICA
Extensión 252 páginas
336 ## - TIPO DE CONTENIDO
Término de tipo de contenido texto
Fuente rdacontent
337 ## - TIPO DE MEDIO
Nombre/término del tipo de medio sin medio
Fuente rdamedia
338 ## - TIPO DE SOPORTE
Nombre/término del tipo de soporte volumen
Fuente rdacarrier
942 ## - ELEMENTOS DE PUNTO DE ACCESO ADICIONAL (KOHA)
Fuente del sistema de clasificación o colocación Dewey Decimal Classification
Tipo de ítem Koha Libros

No items available.